CHEMISTRY the central science

Gardado en:
Detalles Bibliográficos
Formato: Libro
Idioma:inglés
Publicado: Pearson Education 2015
Tags: Engadir etiqueta
Sen Etiquetas, Sexa o primeiro en etiquetar este rexistro!

MARC

LEADER 00000nam a22000007a 4500
008 201210b ||||| |||| 00| 0 eng d
020 |a : 978-1-292-05771-2 
245 |a CHEMISTRY  |b the central science  |c  Brown Theodore L  |g 1143p.; ill. 
250 |b 13th ed.  |c Theodore L. Brown 
260 |b Pearson Education  |c 2015  |d Book  |h Boston  |i 691162  |i 691163  |l QD31.3 .C41  |m Chemistry – Textbook.  
500 |a It includes index 
942 |a lcc  |c BK  |e Adekanye I. H  |f 10/12/20 
952 |0 0  |1 0  |2 lcc  |4 0  |6 QD00313 C41  |7 0  |9 312  |a HOL  |b HOL  |c QZ  |d 2020-12-10  |l 0  |o QD31.3 .C41  |p 2020-2048  |r 2020-12-10 00:00:00  |w 2020-12-10  |y BK 
952 |0 0  |1 0  |2 lcc  |4 0  |6 QD00313 C41  |7 0  |9 314  |a HOL  |b SL  |c QZ  |d 2020-12-10  |l 0  |o QD31.3 .C41  |p 2020-2050  |r 2020-12-10 00:00:00  |w 2020-12-10  |y BK 
999 |c 144  |d 144